Population Distribution by Administrative units (Record no. 6834)

000 -LEADER
fixed length control field 00483nam a22001217a 4500
008 - FIXED-LENGTH DATA ELEMENTS--GENERAL INFORMATION
fixed length control field 200330b ||||| |||| 00| 0 eng d
100 ## - MAIN ENTRY--PERSONAL NAME
Personal name The United Republic of Tanzania
245 ## - TITLE STATEMENT
Title Population Distribution by Administrative units
Remainder of title 2012 Population and Housing Cencus
Statement of responsibility, etc. The United Republic of Tanzania
Medium English
260 ## - PUBLICATION, DISTRIBUTION, ETC. (IMPRINT)
Place of publication, distribution, etc. Dar Es Salaam
Name of publisher, distributor, etc. National Bureau of Statistics
Date of publication, distribution, etc. 2013
300 ## - PHYSICAL DESCRIPTION
Extent xix,244p.
Other physical details Illustration
Dimensions 29cm
650 ## - SUBJECT ADDED ENTRY--TOPICAL TERM
Source of heading or term Population and Housing Census
942 ## - ADDED ENTRY ELEMENTS (KOHA)
Source of classification or shelving scheme
Koha item type BOOKS
Holdings
Withdrawn status Lost status Source of classification or shelving scheme Damaged status Not for loan Home library Current library Date acquired Total Checkouts Barcode Date last seen Price effective from Koha item type
          Mwanza Mwanza 30/03/2020   10000002342 30/03/2020 30/03/2020 BOOKS
          Mwanza Mwanza 30/03/2020   10000002343 30/03/2020 30/03/2020 BOOKS
          Mwanza Mwanza 31/03/2020   10000001576 31/03/2020 31/03/2020 BOOKS
          Mwanza Mwanza 31/03/2020   10000001577 31/03/2020 31/03/2020 BOOKS
          Mwanza Mwanza 31/03/2020   10000001579 31/03/2020 31/03/2020 BOOKS

IRDP © 2019 :: Managed by IRDP ICT Unit